|
|
|
|
| LEADER |
02117nam a2200529 i 4500 |
| 001 |
001922760 |
| 003 |
CZ BrMZK |
| 005 |
20250602103524.0 |
| 007 |
ta |
| 008 |
250123s2024 ne a f 000 0 eng |
| 020 |
|
|
|a 978-90-833234-6-6
|q (brožováno)
|
| 040 |
|
|
|a BOA001
|b cze
|e rda
|
| 041 |
0 |
|
|a eng
|a fre
|
| 043 |
|
|
|a e-xr---
|a a-tu---
|
| 072 |
|
7 |
|a 339.5
|x Zahraniční obchod. Mezinárodní obchod
|2 Konspekt
|9 4
|
| 080 |
|
|
|a 339.5
|2 MRF
|
| 080 |
|
|
|a 339.9
|2 MRF
|
| 080 |
|
|
|a (437.3)
|2 MRF
|
| 080 |
|
|
|a (560)
|2 MRF
|
| 080 |
|
|
|a (048.8:082)
|2 MRF
|
| 245 |
0 |
0 |
|a Turkish-Czech cross-border trade infrastructure: ensuring the door between Central and Eastern Europe and the near East remains open /
|c Alexander J. Bělohlávek, Lenka Kauerová, Jan Šamlot (editors)
|
| 250 |
|
|
|a 1st edition
|
| 264 |
|
1 |
|a The Hague :
|b Lex Lata,
|c 2024
|
| 300 |
|
|
|a 209 stran :
|b ilustrace ;
|c 23 cm
|
| 336 |
|
|
|a text
|b txt
|2 rdacontent
|
| 337 |
|
|
|a bez média
|b n
|2 rdamedia
|
| 338 |
|
|
|a svazek
|b nc
|2 rdacarrier
|
| 500 |
|
|
|a Obsahuje QR kódy s přístupem k rozšiřujícím informacím o autorech
|
| 504 |
|
|
|a Obsahuje bibliografie a bibliografické odkazy
|
| 546 |
|
|
|a Částečně francouzský text
|
| 650 |
0 |
7 |
|a zahraniční obchod
|7 ph116729
|z Česko
|2 czenas
|
| 650 |
0 |
7 |
|a zahraniční obchod
|7 ph116729
|z Turecko
|2 czenas
|
| 650 |
0 |
9 |
|a foreign trade
|z Czechia
|2 eczenas
|
| 650 |
0 |
9 |
|a foreign trade
|z Turkey
|2 eczenas
|
| 651 |
|
7 |
|a Česko
|7 ge128065
|x hospodářské vztahy
|2 czenas
|
| 651 |
|
7 |
|a Turecko
|7 ge131143
|x hospodářské vztahy
|2 czenas
|
| 651 |
|
9 |
|a Czechia
|x economic relations
|2 eczenas
|
| 651 |
|
9 |
|a Turkey
|x economic relations
|2 eczenas
|
| 655 |
|
7 |
|a kolektivní monografie
|7 fd501537
|2 czenas
|
| 655 |
|
9 |
|a collective monographs
|2 eczenas
|
| 700 |
1 |
|
|a Bělohlávek, Alexander J.,
|d 1968-2024
|7 mzk2002160908
|4 edt
|
| 700 |
1 |
|
|a Kauerová, Lenka,
|d 1961-
|7 mzk2010598923
|4 edt
|
| 700 |
1 |
|
|a Šamlot, Jan
|7 xx0276925
|4 edt
|
| 910 |
|
|
|a BOA001
|b 2-1538.689
|
| 990 |
|
|
|a BK
|
| 991 |
|
|
|b 202506
|c NOV
|
| 996 |
7 |
|
|b 2610993216
|c 2-1538.689
|l MZK
|r Sklad / do 1 hodiny
|n 0
|p dar
|w 001992783
|u 000010
|a 1
|e BOA001
|j MZK50
|s A
|